Educación científica: conferencias, mesas de debate y secciones Congreso iberoamericano de educación en ciencias experimentales, formación permanente de profesores
Saved in:
| Format: | Bog |
|---|---|
| Sprog: | spansk portugisisk |
| Udgivet: |
Alcalá de Henares
Universidad Alcalá
1999
|
| Fag: | |
| Tags: |
Tilføj Tag
Ingen Tags, Vær først til at tagge denne postø!
|
MARC
| LEADER | 00000nam a2200000 a 4500 | ||
|---|---|---|---|
| 001 | UCO9253 | ||
| 003 | CL-VaPUC | ||
| 005 | 20250220161852.0 | ||
| 008 | 010125e19990000sp 1 spa d | ||
| 041 | 0 | 7 | |a spa |2 CL-VaPUC |
| 041 | 0 | 7 | |a por |2 CL-VaPUC |
| 082 | 0 | 4 | |a 370.71 |b EDU |2 21 |
| 245 | 1 | 0 | |a Educación científica: conferencias, mesas de debate y secciones Congreso iberoamericano de educación en ciencias experimentales, formación permanente de profesores |
| 260 | |a Alcalá de Henares |b Universidad Alcalá |c 1999 | ||
| 300 | |a 250 p | ||
| 583 | |a last modification |c 20010125 00:00:00 |k Rodrigo Vera | ||
| 650 | 0 | 0 | |a Formación profesional de profesores |9 307493 |
| 650 | 0 | 0 | |a Educación científica |9 307484 |
| 650 | 0 | 0 | |a Currículo |9 307290 |
| 650 | 0 | 0 | |a Métodos de enseñanza |9 270413 |
| 942 | |c BK | ||
| 945 | |a cmena |d 20010125 00:00:00 | ||
| 546 | |a En Español | ||
| 546 | |a En Portugués | ||
| 536 | |a Universidad de La Serena | ||
| 536 | |a Universidad de Alcalá | ||
| 518 | |p Congreso Iberoamericano de Educación en Ciencias Experimentales, Formación Permanente de Profesores, La Serena, 6 al 10 de Julio de 1998 | ||
| 999 | |c 383635 |d 383633 | ||
| 952 | |0 0 |1 0 |4 0 |6 370_710000000000000_EDU_1999 |7 0 |8 A |9 505823 |a BIBCUR |b BIBCUR |d 2020-01-23 |i 3611655 |o 370.71 EDU 1999 |p 3611655 |r 2025-04-22 |w 2020-01-23 |y BK |k BCB | ||
| 952 | |0 0 |1 0 |4 0 |6 370_710000000000000_EDU_1999 |7 0 |8 A |9 505824 |a FDOPOS |b FDOPOS |d 2020-01-23 |i 3772470 |o 370.71 EDU 1999 |p 3772470 |r 2025-01-22 |w 2020-01-23 |y BK |k MLA | ||